000 01577nam0a22002891 4500
001 rc\51882
005 20250620161958.0
035 _a(NLR Aleph) 005330285
090 _a6584036
_c6584036
100 _a20021216d1994 |||y0rusy50 ca
101 0 _arus
102 _aRU
105 _ay |||||||||
200 1 _aОбраз будущего в русской социально-экономической мысли конца XIX - начала XX века
_eИзбр. произведения
_f[Сост. и вступ. ст. Я.И. Кузьминова
_gПод руководством акад. Л.И. Абалкина
_gПредисл. к разд. и науч. коммент. Е.И. Корольковой и др.]
210 _aМ.
_cРеспублика
_d1994
215 _a416 с.
_d22
320 _aБиблиогр. в коммент. в конце разделов
327 1 _aСодерж.: Разделы: Народники; П.Б. Струве, М.И. Туган-Барановский; С.Н. Булгаков, Н.А. Бердяев; Анархисты
464 0 _12001#$aНародники
_tНародники
464 0 _12001#$aП.Б. Струве, М.И. Туган-Барановский
_tП.Б. Струве, М.И. Туган-Барановский
464 0 _12001#$aС.Н. Булгаков, Н.А. Бердяев
_tС.Н. Булгаков, Н.А. Бердяев
464 0 _12001#$aАнархисты
_tАнархисты
801 0 _aRU
_bNLR
_gpsbo
801 1 _aRU
_bELAR
_2rusmarc
852 _aNLR
_j94-5/513
942 _cBOOK
980 _aNB